CLIMATE SCIENCE (PRINCIPLES AND ITS APPLICATIONS ON AGRICULTURE) (Record no. 8118)

MARC details
000 -LEADER
fixed length control field 00479nam a22001697a 4500
005 - DATE AND TIME OF LATEST TRANSACTION
control field 20221219155133.0
008 - FIXED-LENGTH DATA ELEMENTS--GENERAL INFORMATION
fixed length control field 221219b |||||||| |||| 00| 0 eng d
020 ## - INTERNATIONAL STANDARD BOOK NUMBER
ISBN 978--93-83992-50-8
041 ## - LANGUAGE CODE
Language code of text/sound track or separate title eng
082 ## - DEWEY DECIMAL CLASSIFICATION NUMBER
Classification number 630.72-KHA-C
100 ## - MAIN ENTRY--AUTHOR NAME
Personal name KHAN ,Dr. NAUSHAD AND D, Dr DIGVIJAY
245 ## - TITLE STATEMENT
Title CLIMATE SCIENCE (PRINCIPLES AND ITS APPLICATIONS ON AGRICULTURE)
250 ## - EDITION STATEMENT
Edition statement 1st ed.
260 ## - PUBLICATION, DISTRIBUTION, ETC. (IMPRINT)
Place of publication NEW DELHI
Name of publisher BHAVYA BOOKS
Year of publication 2021
300 ## - PHYSICAL DESCRIPTION
Number of Pages 276;P.
942 ## - ADDED ENTRY ELEMENTS (KOHA)
Koha item type Books

No items available.